书目信息 |
| 题名: |
古代文学理论研究
|
|
| 作者: | ;中国古代文学理论学会 编 | |
| 分册: | 第一辑 | |
| 出版信息: | 上海 上海古籍出版社 1979 |
|
| 页数: | 426页 | |
| 开本: | 20cm | |
| 丛书名: | ||
| 单 册: | ||
| 中图分类: | I206.2 , I0 | |
| 科图分类: | ||
| 主题词: | 文学理论--研究--中国--古代--丛刊 , 文学 | |
| 电子资源: | ||
| ISBN: | ||
| 000 | 00699nam0 2200241 450 | |
| 001 | 1571921578 | |
| 005 | 20150124195908.34 | |
| 010 | @dCNY1.35 | |
| 091 | @a10186.134 | |
| 100 | @a19950719d1979 em y0chiy0110 ea | |
| 101 | 0 | @achi |
| 102 | @aCN@b310000 | |
| 105 | @ay z 000zy | |
| 200 | 1 | @a古代文学理论研究@9gu dai wen xue li lun yan jiu@e丛刊@h第一辑@f中国古代文学理论学会编 |
| 210 | @a上海@c上海古籍出版社@d1979 | |
| 215 | @a426页@d20cm | |
| 606 | 0 | @a文学理论@x研究@y中国@z古代@x丛刊 |
| 606 | 0 | @a文学 |
| 690 | @aI206.2@v5 | |
| 690 | @aI0@v4 | |
| 711 | 02 | @a中国古代文学理论学会@9zhong guo gu dai wen xue li lun xue hui@4编 |
| 801 | 0 | @aCN@bTSSF@c20150124 |
| 905 | @aZUCC@dI0@eJY426 | |
| 古代文学理论研究:丛刊.第一辑/中国古代文学理论学会编.-上海:上海古籍出版社,1979 |
| 426页;20cm |
| ISBN :CNY1.35 |
| ● |
| 相关链接 |
|
|
|
|
正题名:古代文学理论研究
索取号:I0/JY426
 
预约/预借
| 序号 | 登录号 | 条形码 | 馆藏地/架位号 | 状态 | 备注 |
| 1 | 7855416 | 278554164 | 学院路分馆/ [索取号:I0/JY426] | 在馆 | |
| 2 | 7855417 | 278554173 | 学院路分馆/ [索取号:I0/JY426] | 在馆 |